Normal view
MARC view
- Fossati Ivano
Entry Personal Name
001 - CONTROL NUMBER
- control field: 28450
003 - CONTROL NUMBER IDENTIFIER
- control field: IT-RoPau
005 - DATE AND TIME OF LATEST TRANSACTION
- control field: 20140604122719.0
008 - FIXED-LENGTH DATA ELEMENTS
- fixed length control field: 140604|| aca||aabn | a|a d
040 ## - CATALOGING SOURCE
- Original cataloging agency: IT-RoPau
- Transcribing agency: IT-RoPau
100 ## - HEADING--PERSONAL NAME
- Personal name: Fossati Ivano
- Miscellaneous information: Codice interprete SPICS: 10192
- Relator term: Interprete
670 ## - SOURCE DATA FOUND
- Source citation: Work cat.: (IT-RoPau)101592: Fossati Ivano 26991, Lindbergh lettere da sopra la pioggia